| 000 | 00866cab a2200229 4500 | ||
|---|---|---|---|
| 001 | WB3445-02 | ||
| 008 | 090401t1998 xxu||||| |||| 00| 0 eng d | ||
| 035 | _a(Sirsi) u89965 | ||
| 041 | _aeng | ||
| 245 | _aVAT: extra statutory class concession | ||
| 260 | _c1998 | ||
| 350 | _a0 | ||
| 490 |
_aHM Customs and Excise Business Brief _v(23/98) 18 November 1998 (2) |
||
| 520 | _aAn Extra Statutory Class Concession (ESCC) is to be introduced to the Auctioneers` Scheme. The new concession will take effect from 1 January 1999 and will allow the current scheme to be used for all goods grown, made or produced by persons not registered for VAT. | ||
| 650 | _aAUCTIONEERS` SCHEME | ||
| 650 | _aEXTRA STATUTORY CLASS CONCESSION | ||
| 650 | _aSALE OF GOODS | ||
| 650 | _aVALUE ADDED TAX | ||
| 690 |
_aAuctioneering _96218 |
||
| 942 | _n0 | ||
| 948 | _c26/11/1998 | ||
| 999 |
_c56962 _d56962 |
||